Szczegóły MARC21

Wybrane aspekty funkcjonowania rynku usług telekomunikacyjnych : praca zbiorowa /

005 -DATA I CZAS OSTATNIEJ MODYFIKACJI [,]
    • @
    • pole kontrolne
    • 20120412121956.0
020 -Międzynarod. znormalizowany nr książki - ISBN [ , ]
    • a
    • Numer ISBN
    • 839106414X Find
040 -Instytucja sporządzająca opis [ , ]
    • a
    • Instytucja, która sporządziła opis (NP)
    • SZCZ U
    • c
    • Instytucja, która sporządziła rekord (NP)
    • SZCZ U
    • d
    • Instytucja, która zmodyfikowała rekord (P)
    • SZCZ U/JŚ
041 -Język dokumentu [0, ]
    • a
    • Język tekstu (P)
    • polski
044 -Kraj miejsca wydania [ , ]
    • a
    • Kraj miejsca wydania
    • Polska
942 -Rodzaj dokumentu [ , ]
    • c
    • Rodzaj dokumentu
    • Książka
245 -Strefa tytułu i oznaczenia odpowiedzialności [0,0]
    • a
    • Tytuł
    • Wybrane aspekty funkcjonowania rynku usług telekomunikacyjnych : Find
    • b
    • Ciąg dalszy tytułu (NP)
    • praca zbiorowa / Find
    • c
    • Pozostałe elementy strefy tytułu i oznaczenia odpowiedzialności (NP)
    • pod red. nauk. Henryka Babisa i Wiesława M. Maziarza ; Fundacja na rzecz Uniwersytetu Szczecińskiego.
260 -Strefa adresu wydawniczego [ , ]
    • a
    • Miejsce wydania (P)
    • Szczecin :
    • b
    • Nazwa wydawcy (P)
    • Fundacja na rzecz Uniwersytetu Szczecińskiego,
    • c
    • Data wydania (P)
    • 1999.
300 -Strefa opisu fizycznego [ , ]
    • a
    • Określenie formy książki i/lub objętość (NP)
    • 177 s. :
    • b
    • Oznaczenie ilustracji (NP)
    • il. ;
    • c
    • Format (NP)
    • 24 cm.
080 -Uniwersalna Klasyfikacja Dziesiętna [ , ]
    • a
    • Symbol klasyfikacji
    • 338.47::654
    • 2
    • Identyfikator wydania tablic
    • UDC-P058
    • 9
    • UKD
    • 3253
    • b
    • Dopowiedzenie
    • Gospodarcze aspekty telekomunikacji.
    • 4
    • UKD2
    • 7665
    • x
    • Poddział wspólny
    • (075.8)
    • c
    • Dopowiedzenie poddz. wspólnego
    • (Podręczniki dla szkół wyższych. Skrypty).
980 -Symbol UKD [ , ]
    • a
    • UKD
    • 338.47::654(075.8)
700 -Hasło dodatkowe - nazwa osobowa [1, ]
    • a
    • Nazwa osobowa (NP)
    • Babis, Henryk. Find
    • 9
    • KHW
    • 79
    • e
    • Określenie rodzaju współpracy
    • Red.
700 -Hasło dodatkowe - nazwa osobowa [1, ]
    • a
    • Nazwa osobowa (NP)
    • Maziarz, Wiesław M. Find
    • e
    • Określenie rodzaju współpracy
    • Red.
    • 9
    • KHW
    • 40817
920 -ISBN [ , ]
    • a
    • ISBN
    • 83-910641-4-X Find
Lokalizacja Data inwentaryzacji Status udost. Numer inwentarzowy Sygnatura
T1999-12-072T.1393 
T1999-12-07-6T.1394T.1394
T1999-12-07-6T.1395T.1395
T1999-12-07-6T.1396T.1396
T1999-12-07-6T.1397T.1397
T1999-12-07-6T.1398T.1398
T1999-12-07-6T.1399T.1399
T1999-12-07-6T.1400T.1400
T1999-12-07-6T.1401T.1401
T1999-12-07-6T.1402T.1402
T2001-04-21-6T.5210T.5210
T2001-04-21-6T.5211T.5211
T2001-04-21-6T.5212T.5212
T2001-04-21-6T.5213 
T2001-04-21-6T.5214T.5214
T2001-04-21-6T.5215T.5215
T2001-04-21-6T.5216T.5216
T2008-03-18-3TM.5466TM.5466
T2009-02-24-6TM.6397TM.6397